| 000 | 00796nam a2200253 a 4500 | ||
|---|---|---|---|
| 001 | 71996 | ||
| 003 | BD-RjUL | ||
| 005 | 20211209082210.0 | ||
| 008 | 170511s1958 nyua b 001 0 eng c | ||
| 035 | _a(BD-RjUL)72212 | ||
| 040 |
_aDLC/ICU _cCGU _dBD-RjUL _dEQO _beng |
||
| 041 | _aeng | ||
| 082 | 0 |
_a543 _223 _bCOL 1958 |
|
| 245 | 1 | 0 |
_aColorimetric determination of nonmetals / _cEditor : David F Boltz |
| 260 |
_aNew York : _bInterscience Publishers, _c1958. |
||
| 300 |
_a372 p. : _bill. ; _c24 cm. |
||
| 490 | 1 |
_aChemical analysis, _vv. 8 |
|
| 504 | _aIncludes bibliography. | ||
| 650 | 0 |
_aChemistry, Analytic _9212945 |
|
| 650 | 0 |
_aColorimetric analysis _9159576 |
|
| 700 |
_aBoltz, David F. _q(David Ferdinand), _9212946 |
||
| 830 | 0 |
_aChemical analysis ; _vv. 8. _9225051 |
|
| 942 |
_2ddc _cBK |
||
| 999 |
_c71996 _d71996 |
||